| 000 | 00821cam a22002291 4500 | ||
|---|---|---|---|
| 001 | sa 67002081 | ||
| 003 | DLC | ||
| 005 | 20260227112328.0 | ||
| 008 | 860130s1964 ii a 000 0 eng | ||
| 010 | _asa 67002081 | ||
| 035 | _a(OCoLC)13082610 | ||
| 040 |
_aDLC _cCU _dDLC |
||
| 042 | _apremarc | ||
| 050 | 0 | 0 |
_aHD3538 _b.A65 |
| 110 | 2 |
_aAll India Seminar on Cooperative Industrial Estates _d(1964 : _cKolhapur, India) |
|
| 245 | 1 | 0 |
_aAll India Seminar on Cooperative Industrial Estates _b[Report of the proceedings, recommendations and background papers] |
| 260 |
_aNew Delhi, _bNational Cooperative Union of India _c[1964] |
||
| 300 |
_a105 p. _billus. _c24 cm. |
||
| 500 | _aConvened by the National Cooperative Union of India. | ||
| 650 | 0 |
_aCooperation _zIndia. |
|
| 710 | 2 | _aNational Cooperative Union of India. | |
| 999 |
_c73031 _d73031 |
||